Il medioevo nelle sue fonti

Spremljeno u:
Bibliografski detalji
Glavni autor: Gatto, Ludovico (Autor)
Format: Knjiga
Jezik:talijanski
Izdano: Bolonia Monduzzi 1995
Teme:
Oznake: Dodaj oznaku
Bez oznaka, Budi prvi tko označuje ovaj zapis!

MARC

LEADER 00000nam a2200000 a 4500
001 UCR4468
003 CL-VaPUC
008 980307e19950000IT |||||||||||||||||ita|d
082 0 4 |a 909.4  |b GAT  |2 21 
100 |a Gatto, Ludovico  |e author  |9 622278 
245 1 3 |a Il medioevo nelle sue fonti 
300 |a 516 p 
942 |c BK 
945 |d 19980307 00:00:00  |a aolguin 
260 |a Bolonia  |b Monduzzi  |c 1995 
650 0 |a Edad media  |9 258041 
650 0 |a Historia  |9 255047 
650 7 |a FUENTES  |2 CL-VaPUC  |9 255666 
650 0 |a Cristianismo  |9 257361 
650 0 |a Iglesia   |9 255004 
650 0 |a Vida espiritual  |9 307811 
650 7 |a IMPERIO  |2 CL-VaPUC  |9 255149 
650 0 |a Alta Edad Media  |9 401370 
651 7 |a IMPERIO GERMANO  |2 CL-VaPUC  |9 404645 
651 7 |a IMPERIIO ROMANO  |2 CL-VaPUC  |9 404646 
651 7 |a LOMBARDIA  |2 CL-VaPUC  |9 404647 
651 7 |a IMPERIO CAROLINGIO  |2 CL-VaPUC  |9 401310 
583 |a last modification  |c 19980307 00:00:00  |k Rodrigo Vera 
999 |c 267409  |d 267407 
952 |0 0  |1 0  |4 0  |6 909_400000000000000_GAT_1995  |7 0  |8 DER_HIS  |9 299702  |a BIBDER  |b BIBDER  |d 2019-11-20  |i 1961616  |o 909.4 GAT 1995  |p 1961616  |r 2023-01-25  |w 2019-11-20  |x Ubicación 4to Piso  |y BK  |z Estos recursos deben solicitarse con anticipación  |k DER